00960cam a22002657a 4500003000500000005001700005008004100022010001000063011001000073035001000083040000900093100003100102245015900133260004100292300001000333502009900343650002800442650002700470650001100497650003600508650003700544650004200581650003600623650003500659CHAP20250515062728.0971126d1997 mx r 00110 spa d a74523 a75495 a85059 cCHAP00aGarcía Jiménez, Jaime.10aIndivisibilidad, interdependencia y los problemas de racionamiento de capital en la evaluación de inversiones agrícolasc/por Jaime García Jiménez aChapingo, Méx. :bEl autor,c1997. a53 h. aTesis (Ing. Agr. Esp. en Economía Agrícola) -- UACH. Departamento de Economía Agrícola14aCapital en agricultura.14aInversioneszMéxico.14aValor.24aFrijolxCostos de producción.27aMaízxCostos de producción224aTomate verdexCostos de producción.24aTomatexCostos de producción.24aTrigoxCostos de producción.